[Event "COL-ch Visually impaired"]
[Site "Cartagena"]
[Date "2019.12.07"]
[Round "4.11"]
[White "Ortiz Junco, Luis Carlos"]
[Black "Castillo Castellanos, David"]
[Result "1-0"]
[WhiteElo "1583"]
[BlackElo "1403"]
[PlyCount "44"]
[EventDate "2019.12.06"]
[EventType "swiss (rapid)"]
[EventRounds "6"]
[EventCountry "COL"]
[SourceTitle "EXT 2024"]
[Source "ChessBase"]
[SourceDate "2023.10.10"]
[SourceVersion "1"]
[SourceVersionDate "2023.10.10"]
[SourceQuality "1"]

1. e4 c6 2. Nf3 Nf6 3. Nc3 d6 4. d4 Qc7 5. Bd3 e5 6. dxe5 dxe5 7. 0-0 Bd6 8. h3 Be6 9. Qe2 Nbd7 10. Rd1 0-0-0 11. a3 Nc5 12. Bg5 Be7 13. Bxf6 Nxd3 14. b4 Bxf6 15. Rxd3 Rxd3 16. Qxd3 Rd8 17. Qe2 g5 18. g4 Be7 19. Rd1 f6 20. Qe3 Rxd1+ 21. Nxd1 Qb6 22. Qxb6 axb6 1-0